000 00675nam a2200217Ii 4500
003 JO-AjNU
008 230605s9999||||xx |||||||||||||| ||und||
017 _a2004/16784
020 _a977-305-589-2
040 _aJO-AjNU
_bara
_erda
_cJO-AjNU
041 _aara
050 1 4 _aPJ7862 2004
100 3 _aتأليف شوشة،فاروق,
_eauthor
_913315
245 0 0 _aأصوات شعرية مقتحمة
264 3 1 _aالقاهرة:الشركة الدولية للطباعة والنشر،2004
300 _a207ص
336 _atext
_btxt
_2rdacontent
337 _aunmediated
_bn
_2rdamedia
338 _avolume
_bnc
_2rdacarrier
650 4 _aالشعر العربي
_913316
999 _aA3284
_c6852
_d6852